000 00714nam a2200217 i 4500
001 45754
003 ES-MaACL
005 20250522203048.0
007 t|
008 030326s1977 sp ||||1| spa d
100 1 _aCommoner, Barry.
_940020
245 1 3 _aLa escasez de energía
_b: la energía y la crisis económica /
_cBarry Commoner ; [traducción de Ramón Margalef].
250 _a[1ª ed.].
260 _a[Esplugas de Llobregat] :
_bPlaza & Janés,
_c[1977]
300 _a318 p. ;
_c23 cm.
650 0 4 _aRecursos energéticos.
_916697
650 4 _aPolítica energética.
_9161693
700 1 _aMargalef, Ramón,
_d1919-2004
_976608
852 _aES-MaACL
_jA-7577
_bR.96557
999 _c45754
_d45754